00585 2200265 4500001002100000008004100021035002000062245005700082100002000139110000600159250000600165260003300171300001200204020001800216022000600234024000600240084001000246520000600256082000800262650002200270863000600292990000700298990000700305990000700312INLIS000000000000204 ind  a0010-0919000024 aWayang Dan Karakter ManusiabwayangcIr. Sri Mulyono aIr. Sri Mulyono a0 a1 aJakartabBalai Pustakac1992 a0c21cm a979-407-420-9 a0 a0 aBAS s a0 a809 aSastra Dan Budaya a0 a25 a25 a25